000 00762nam0a22002531 4500
001 rc\4041654
005 20250611065725.0
021 _aRU
_b[51-17532]
035 _a(NLR Aleph) 008099756
090 _a9236515
_c9236515
100 _a20130415d1951 |||y0rusy50 ca
101 0 _arus
102 _aRU
105 _aa z |||||
200 1 _aКустовые плантации шелковицы
210 _aТашкент
_cГосиздат УзССР
_d1951
215 _a40 с.
_cил.
_d20
606 _aТутовое дерево
_xВозделывание
_2psbo
700 1 _aЗинкина
_bС.С.
_gСофья Семеновна
801 0 _aRU
_bNLR
_gpsbo
801 1 _aRU
_bELAR
_2rusmarc
852 _aNLR
_jС90 Г-4/1167
942 _cBOOK
980 _aNB